000 00797nam a2200241Ia 4500
003 GCL
008 140319s9999 xx 000 0 ara d
040 _aGCL /
_cGCL
082 0 4 _a658.86
_bع ت
100 1 _aعادل المهدى
245 1 0 _aالتسويق الخارجى وتحديات المنافسة الدولية /
_cعادل المهدى
260 _a[S.N] :
_bلجنة الاعلام والدراسات المستقبلية ،
_c1993
300 _a343
490 _a
650 0 4 _aالتسويق
650 0 4 _aالتبادل التجارى
650 0 4 _aالاستراتيجية
650 0 4 _aالتسويق الدولى
650 0 4 _aالتمويل الدولى
650 0 4 _aالاستراتيجية التنافسية
650 0 4 _aالتمويل
942 _2ddc
_cBK
999 _c30656
_d30656